| 000 | 01166nam0a22003011 4500 | ||
|---|---|---|---|
| 001 | v19\rc\1342311 | ||
| 005 | 20060512114928.6 | ||
| 035 | _a(NLR Aleph) 004561624 | ||
| 090 |
_a2281140 _c2281140 |
||
| 100 | _a20060512d1859 |||y0rusy50 ca | ||
| 101 | 0 | _arus | |
| 102 | _aRU | ||
| 105 | _aa z ||||| | ||
| 200 | 1 |
_aОтрывки из путевых заметок странника _iБелозерск |
|
| 210 |
_aСанкт-Петербург _cтип. Губ. правл. _d1859 |
||
| 215 |
_a18 с. _cтабл. _d23 |
||
| 300 | _aВ конце текста: Белозер; авт. установлен по одноим. изд. 1890 г. | ||
| 300 | _aИзд. также под загл. "Из путевых заметок странника" | ||
| 309 | _aБез тит. л. и обл. | ||
| 451 | 0 |
_12001#$aИз путевых заметок странника _tИз путевых заметок странника |
|
| 700 | 1 |
_aВанифантьев _bН. Г. |
|
| 790 | 0 | _aБелозер | |
| 801 | 0 |
_aRU _bNLR _gpsbo |
|
| 801 | 0 |
_aRU _bRuMoRGB _2psbo |
|
| 801 | 1 |
_aRU _bProSoft-M _2rusmarc |
|
| 852 |
_aNLR _j18.7.3.49 |
||
| 942 | _cBOOK | ||
| 980 | _aNB | ||